Телемедицина (Запись № 43410)

Подробности
000 -МАРКЕР
контрольное поле 01795nam0a2200349 4500
001 - ИДЕНТИФИКАТОР ЗАПИСИ
контрольное поле RU\NLR\bibl\12229
005 - ИДЕНТИФИКАТОР ВЕРСИИ
контрольное поле 20260406185921.0
010 ## - МЕЖДУНАРОДНЫЙ СТАНДАРТНЫЙ НОМЕР КНИГИ (ISBN)
Номер (ISBN) 5-7452-0018-9
Тираж 3000
035 ## - ДРУГИЕ СИСТЕМНЫЕ НОМЕРА
Идентификатор записи (NLR Aleph) 000011920
100 ## - ДАННЫЕ ОБЩЕЙ ОБРАБОТКИ
Данные общей обработки 19990125d1998 |||y0rusy50 ca
101 0# - ЯЗЫК РЕСУРСА
Язык текста, звукозаписи и т.д. русский
Язык резюме английский
Язык оглавления русский
-- английский
102 ## - СТРАНА ПУБЛИКАЦИИ ИЛИ ПРОИЗВОДСТВА
Страна публикации Российская Федерация
105 ## - ПОЛЕ КОДИРОВАННЫХ ДАННЫХ: ТЕКСТОВЫЕ МАТЕРИАЛЫ, МОНОГРАФИЧЕСКИЕ
Кодированные данные о монографическом текстовом документе |||||||||||||
200 1# - ЗАГЛАВИЕ И СВЕДЕНИЯ ОБ ОТВЕТСТВЕННОСТИ
Основное заглавие Телемедицина
Параллельное заглавие Telemedicine
Сведения, относящиеся к заглавию Новые информ. технологии на пороге ХХI в.
Первые сведения об ответственности [Д.т.н., проф. Р.М. Юсупов, д.т.н., проф. Р.И. Полонников, д.м.н., проф. В.И. Кувакин и др.]
Последующие сведения об ответственности Под ред. проф. Р.М. Юсупова и проф. Р.И. Полонникова
-- Рос. акад. наук, С.-Петерб. ин-т информатики и автоматизации
Язык параллельного заглавия английский
210 ## - ПУБЛИКАЦИЯ, РАСПРОСТРАНЕНИЕ И ДР.
Место издания, распространения и т.д. СПб.
Имя издателя, распространителя и т. д. Изд-во ТОО "Анатолия"
Дата издания, распространения и т.д. 1998
215 ## - ФИЗИЧЕСКАЯ ХАРАКТЕРИСТИКА
Специфическое обозначение материала и объем 489 с.
Другие сведения о физической характеристике ил., портр.
Размеры 29
300 ## - ОБЩИЕ ПРИМЕЧАНИЯ
Текст примечания На авантит.: Посвящается 20-летию С.-Петерб. ин-та информатики и автоатизации Рос. акад. наук
300 ## - ОБЩИЕ ПРИМЕЧАНИЯ
Текст примечания Рез. на англ. яз.
320 ## - ПРИМЕЧАНИЯ О НАЛИЧИИ В ДОКУМЕНТЕ БИБЛИОГРАФИИ / УКАЗАТЕЛЯ
Текст примечания Библиогр. в конце гл.
510 0# - ПАРАЛЛЕЛЬНОЕ ЗАГЛАВИЕ
Параллельное заглавие Telemedicine
Язык заглавия английский
606 0# - НАИМЕНОВАНИЕ ТЕМЫ КАК ПРЕДМЕТ
Наименование темы Телевидение
Тематический подзаголовок Применение в медицине
Системный номер авторитетной/нормативной записи 1378978
Идентификатор авторитетной/нормативной записи RU\NLR\auth\66264845
686 ## - ИНДЕКСЫ ДРУГИХ КЛАССИФИКАЦИЙ
Индекс Р.с5
701 #1 - ИМЯ ЛИЦА - АЛЬТЕРНАТИВНАЯ ОТВЕТСТВЕННОСТЬ
Начальный элемент ввода Юсупов
Часть имени, кроме начального элемента ввода Р. М.
Код отношения Автор
712 02 - НАИМЕНОВАНИЕ ОРГАНИЗАЦИИ - ВТОРИЧНАЯ ОТВЕТСТВЕННОСТЬ
Код отношения Прочие
Начальный элемент ввода Санкт-Петербургский институт информатики и автоматизации
Идентификатор авторитетной/нормативной записи RU\NLR\AUTH\889951666
Системный номер авторитетной/нормативной записи 399302
801 #0 - ИСТОЧНИК ЗАПИСИ
Страна Российская Федерация
Организация NLR
Дата составления 19990125
Правила каталогизации PSBO
801 #1 - ИСТОЧНИК ЗАПИСИ
Страна Российская Федерация
Организация NLR
Дата составления 19990125
852 ## - МЕСТОНАХОЖДЕНИЕ И ШИФР ХРАНЕНИЯ
Идентификатор организации NLR
Шифр хранения (Call Number) 98-8/1046
942 ## - ДОПОЛНИТЕЛЬНЫЕ ЭЛЕМЕНТЫ ЗАПИСИ (АБИС)
Тип экземпляра АБИС Книга
980 ## - КОЛЛЕКЦИЯ
Название коллекции Национальная библиография
Экземпляры
Тип экземпляра Дата поступления Библиотека постоянного хранения Библиотека текущего хранения Место хранения Шифр хранения Штрих-код Статус экземпляра
Книга 26.10.2013 РНБ (Московский) РНБ (Московский) Русский книжный фонд: издания с 1957 года 98-8/1046 11920-10  
Книга 01.04.2014 РНБ (Московский) РНБ (Московский) Русский книжный фонд: издания с 1957 года 98-8/1046 1-434951